000 00247 a2200085 4500
020 _a9781568987705
100 _a Ellen Lupton and Jennifer Cole Phillips
245 _aGraphic Design: The New Basics
260 _b‎ Princeton Architectural Press
_c2008
999 _c13404
_d13404